LEADER 01263nam a2200265 u 4500 001 000000075611 003 CaOOAMICUS 005 20070226123123.0 008 031009s2001 sz u000 u eng u 035 $a10972486 040 $aPUL$bita 100 1 $aDhavamony, Mariasusai,$cS. I.$0(OLS)http://pul/name/15562 245 10$aChristian theology of religions :$ba systematic reflection on the Christian understanding of world religions /$cMariasusai Dhavamony. 250 $a2nd revised ed. 260 $aBern :$bPeter Lang,$c2001. 300 $a252 p. ;$c21 cm 490 1 $aStudien zur interkulturellen Geschichte des Christentums ;$v108 504 $aBibliografia: p. 241-252. 650 4$aEcumenismo.$0(OLS)http://pul/subject/995 830 0$aStudien zur interkulturellen Geschichte des Christentums ;$v108.$0(OLS)http://pul/title/99244 850 $aPUL 852 $aPUL$W1$xDP1 Cons. Gen., Altre Classi 1$y22$m780 A 189$j97259$nBK-PRI$b $qStampati$B97259$CPULBib$Z2$F97259 $HPUL89026 $81 941 1 $a8 996 $6245$aChristian theology of religions :$ba systematic reflection on the Christian understanding of world religions$9(OLS)http://pul/title/99243 996 $6260$aBern :$bPeter Lang$9(OLS)http://pul/publisher/73038 LEADER 01278nam a2200265 a 4500 001 000000141671 003 CaOOAMICUS 005 20150209124054.0 008 150209s1956 it bf u000 u ita r 040 $aPUL$bita 100 1 $aSisto, Alessandra.$0(OLS)http://pul/name/20964 245 12$aI feudi imperiali del tortonese :$b(sec. XI-XIX) /$cAlessandra Sisto. 260 $aTorino :$bGiappichelli,$c1956. 300 $a227 p., [2] c. di tav. :$bc. geogr. ;$c25 cm 490 1 $aPubblicazioni della Facoltà di Lettere e Filosofia (Università di Torino) ;$v8, fasc. 5 500 $aComprende indici. 651 4$aTortona$xStoria$ySec. XI-XIX.$0(OLS)http://pul/subject/41242 710 2 $aUniversità degli studi di Torino.$bFacoltà di lettere e filosofia.$0(OLS)http://pul/name/10654 830 0$aPubblicazioni della Facoltà di Lettere e Filosofia (Università di Torino) ;$v8 fasc. 5.$0(OLS)http://pul/title/11506 850 $aPUL 852 $aPUL$W1$xDP1 Fondo Capitani$y116$m9 A 23$j44577$qFondi$B163494$CPULBib$Z2$F163494 $HCap571 $82 941 1 $a1 996 $6245$aI feudi imperiali del tortonese :$b(sec. XI-XIX)$9(OLS)http://pul/title/179309 996 $6260$aTorino :$bGiappichelli$9(OLS)http://pul/publisher/48244